000 00444nam a2200157 i 4500
001 40761
003 ES-MaACL
005 20230906160314.0
007 t|
008 030307s1962 sp ||||1| spa d
100 1 _aCapmany, José (
_d1920-1995)
_934864
245 1 3 _aLa espiritualidad del sacerdote diocesano /
_cJosé Capmany.
260 _aBarcelona :
_bHerder,
_c1962.
300 _a359 p. ;
_c25 cm.
852 _aES-MaACL
_jC-21637
_bR.50439
999 _c40761
_d40761